000
00278nam a2200121Ia 4500
008
190216s9999||||xx |||||||||||||| ||und||
100
_a
Jhingan M L
245
0
_a
Macro Economic Theory
260
_b
Konark Pub Pvt
_c
1986
300
_a
698 pag
650
_a
Economics
942
_c
BK
999
_c
9861
_d
9861